Les cités grecques à l'époque archaïque : dates - Statistiques

Statistiques générales
  • Ce quiz a été pris 12 fois
  • Le résultat moyen est 8 sur 32
Statistiques - réponses
Date Événement % Correct
776 av. J.-C. Les Jeux Olympiques
100%
vers 1375 av. J.-C. Chute de Cnossos
50%
vers 675-550 av. J.-C. Deuxième vague de colonisation
50%
vers 800 av. J.-C. Fin des âges obscurs
50%
vers 700 av. J.-C. Fondation de Cumes
50%
vers 600 av. J.-C. Fondation de Massalia
50%
vers 734 av. J.-C. Fondation de Syracuse
50%
vers 706 av. J.-C. Fondation de Tarente
50%
vers 620 av. J.-C. Loi de Dracon
50%
vers 594 av. J.-C. Lois de Solon
50%
VIIIe-VIᵉ siècle av. J.-C. Période archaïque
50%
vers 900-700 av. J.-C. Période géométrique
50%
2200-1400 av. J.-C. Période minoen
50%
1600-1100 av. J.-C Période mycénienne
50%
vers 775-675 av. J.-C. Première vague de colonisation
50%
669 av. J.-C. Bataille de Hysiai
0%
480 av. J.-C. Bataille de Thermopyles
0%
vers 600 av. J.-C. Colonisation de Massalia
0%
377 av. J.-C. Décret d’Aristotélès
0%
vers 460 av. J.-C. Discobole de Myron
0%
vers 1200 av. J.-C. Disparition de la civilisation mycénienne
0%
vers 775 av. J.-C. Fondation de Pithécusses
0%
vers 650 av. J.-C. Fondation de Rhégion par Zancle
0%
VIIe siècle av. J.-C. Guerre de Corinthe contre Corcyre
0%
vers 500 av. J.-C. Jeux Panathénaïques
0%
508/490 – 323 av. J.-C. Période classique
0%
à partir de 323 av. J.-C. Période hellénistique
0%
vers 730-710 av. J.-C. Première guerre de Messénie
0%
XIIe siècle av. J.-C. Ramsès III et les Peuples de la mer
0%
vers 660-650 av. J.-C. Seconde guerre de Messénie
0%
mi-VIIe siècle av. J.-C. Siècle de Tyrtée
0%
5ᵉ siècle av. J.-C. Siècle d’or d’Athènes (Périclès)
0%
Aucun quiz correspondant
Distribution des résultats
% des personnes avec chaque résultat
Percentile par nombre de réponses
Votre historique - résultats
Vous n’avez pas pris ce quiz